000 00776 a2200229 4500
003 UA-OsUOA
005 20220501131458.0
008 220401b un ||||| |||| 00| 0 ukr d
020 _a9789669495143
040 _aUA-OsUOA
_bukr
_cUA-OsUOA
_dUA-OsUOA
041 _aukr
080 _a821.161.2
090 _a821.161.2
_bЗ-63
100 _aЗінченко А.
245 _aРоздоріжжя
_cАрсен Зінченко
_bоповідання і повість
260 _aВінниця
_bТвори
_c2020
300 _a352 с.
650 _2UDC
_a821 Художня література
942 _cBK
_2udc
955 _a3
999 _c572396
_d572396